Planta de mezcla a granel y ensacado de fertilizantes /
Guardado en:
| Autor Corporativo: | |
|---|---|
| Otros Autores: | |
| Formato: | Libro |
| Idioma: | Spanish |
| Publicado: |
Nueva York :
Naciones Unidas,
1976.
|
| Series: | Serie Industria de Fertilizantes. Monografía ;
n. 8 |
| Materias: | |
| Etiquetas: |
Agregar Etiqueta
Sin Etiquetas, Sea el primero en etiquetar este registro!
|
| LEADER | 01101nam a22002535a 4500 | ||
|---|---|---|---|
| 001 | EIQ.libpla002504 | ||
| 008 | 070625s1976####nyua#####b####000#0#spa#d | ||
| 005 | 20071217152256.0 | ||
| 245 | 1 | 0 | |a Planta de mezcla a granel y ensacado de fertilizantes / |c [Monografía preparada por el Sr. J. Skaadel y por la Secretaría de la ONUDI]. |
| 260 | |a Nueva York : |b Naciones Unidas, |c 1976. | ||
| 300 | |a 35 p. : |b il. ; |c 24 cm. | ||
| 490 | 0 | |a Serie Industria de Fertilizantes. Monografía ; |v n. 8 | |
| 500 | |a "ID/SER.F/8". | ||
| 500 | |a "Publicación de las Naciones Unidas. Núm. de venta: S.76.II.B.2". | ||
| 504 | |a Bibliografía: p. 35. | ||
| 700 | 1 | |a Skaadel, J. | |
| 650 | 4 | |a Procesos |x Fertilizantes. | |
| 650 | 4 | |a Paises en desarrollo |x Fertilizantes. | |
| 650 | 4 | |a Development countries. |x Fertilizers. | |
| 650 | 4 | |a Processes |x Fertilizers. | |
| 040 | |a AR-BbSID |b spa |c AR-BbSID | ||
| 110 | 2 | |a Organización de las Naciones Unidas para el Desarrollo Industrial, Viena. | |
| 859 | |a AR-BbSID |b BIB. PLAPIQUI |h 668.62 |i N 113 |p 4440 |t Ej. 1 |v Ej. 1 | ||
| 859 | |a AR-BbSID |b BIB. PLAPIQUI |h 668.62 |i N 113 |p 4441 |t Ej. 2 |v Ej. 2 | ||
